000 00355nam a2200145 i 4500
001 bg
100 1 _aDmochowski, Zbigniew
_d(1931- ).
245 0 _aUrządzenia elektrotermiczne /
_cZ. Dmochowski.
260 _aBiałystok,
_c1991.
040 _cBPK
041 _apol
080 _a621.36:536.7
942 _cKS
008 s pl f |000 0 pol
999 _c4549
_d4549
856 _uhttp://koha.tu.koszalin.pl/cgi-bin/koha/opac-detail.pl?biblionumber=4549
_yKatalog online BPK